6 Letter Capital Cities - Statistics

General Stats
  • This quiz has been taken 14 times
    3 since last reset
  • The average score is 40 of 45
Answer Stats
Continent Country City % Correct
Asia Turkey Ankara
100%
Europe Greece Athens
100%
Asia Lebanon Beirut
100%
Europe Germany Berlin
100%
Africa Guinea-Bissau Bissau
100%
South America Colombia Bogotá
100%
Africa Tanzania Dodoma
100%
Europe Ireland Dublin
100%
North America Cuba Havana
100%
Europe Portugal Lisbon
100%
Europe United Kingdom London
100%
Europe Spain Madrid
100%
Oceania Marshall Islands Majuro
100%
Asia Bahrain Manama
100%
Asia Philippines Manila
100%
Africa Lesotho Maseru
100%
Europe Monaco Monaco
100%
Europe Russia Moscow
100%
Asia Oman Muscat
100%
North America Bahamas Nassau
100%
North America Canada Ottawa
100%
Europe Czech Republic Prague
100%
Asia Saudi Arabia Riyadh
100%
Europe Macedonia Skopje
100%
Asia Taiwan Taipei
100%
Asia Iran Tehran
100%
Europe Albania Tirana
100%
Europe Austria Vienna
100%
Europe Poland Warsaw
100%
Europe Croatia Zagreb
100%
Africa Eritrea Asmara
67%
Asia Kazakhstan Astana
67%
Africa Mali Bamako
67%
Africa Central African Republic Bangui
67%
Africa Gambia Banjul
67%
Africa Burundi Gitega
67%
Africa Rwanda Kigali
67%
Africa Angola Luanda
67%
Africa Zambia Lusaka
67%
Africa Equatorial Guinea Malabo
67%
Africa Mozambique Maputo
67%
Africa Comoros Moroni
67%
Africa Niger Niamey
67%
North America Dominica Roseau
67%
Africa Zimbabwe Harare
33%
No matching quizzes found
Score Distribution
Percent of People with Each Score
Percentile by Number Answered
Your Score History
You have not taken this quiz since the last reset